Normal view
MARC view
- Winfrey, Elizabeth
Entry Personal Name
001 - CONTROL NUMBER
- control field: 56592
003 - CONTROL NUMBER IDENTIFIER
- control field: NUST
005 - DATE AND TIME OF LATEST TRANSACTION
- control field: 20210628201733.0
008 - FIXED-LENGTH DATA ELEMENTS
- fixed length control field: 210628|| aca||aabn | a|a d
040 ## - CATALOGING SOURCE
- Original cataloging agency: NUST
- Transcribing agency: NUST
100 ## - HEADING--PERSONAL NAME
- Personal name: Winfrey, Elizabeth
670 ## - SOURCE DATA FOUND
- Source citation: Work cat.: (NUST): Winfrey, Elizabeth, Full house sisters,how to hide a horse, 1999
